| 000 | 01008nam a2200277 a 4500 | ||
|---|---|---|---|
| 001 | 000027557 | ||
| 005 | 20240304143926.0 | ||
| 008 | 110401s1977 dr ac 001 0 spa d | ||
| 020 | _a8484000222 | ||
| 040 |
_aDO-SdBNP _bspa _cBNPHU |
||
| 082 |
_a972.9304 _bA669h, 1977 |
||
| 100 | 1 |
_aArchambault, Pedro M., _q(Pedro María) _92398 |
|
| 245 | 1 | 0 |
_aHistoria de la Restauración / _cPedro M. Archambault ; prólogo Rafael Vidal. |
| 250 | _a3a ed. | ||
| 260 |
_aSanto Domingo : _bTaller, _c1977. |
||
| 300 |
_a352 p. : _bil., retrs. ; _c21 cm. |
||
| 490 | 1 |
_aBiblioteca Taller _v20 |
|
| 534 |
_pIncluye portada de la edición publicada en: _cParís: La Libraire Technique et Economique, 1938. |
||
| 500 | _aIncluye índice analítico | ||
| 504 | _aBibliografía : p. 324-325 | ||
| 651 | 4 |
_aRepública Dominicana _xHistoria _yRESTAURACIÓN 1863 -1865 _92399 |
|
| 700 | 1 |
_aVidal, Rafael, _epról. _92400 |
|
| 830 | 0 |
_aBiblioteca Taller ; _9164 |
|
| 910 | _aValidado. Control de calidad MFF | ||
| 049 | _aBNPD | ||
| 999 |
_c27049 _d27049 |
||